Экологический менеджмент: учебное пособие

Opis bibliograficzny
1. autor: Коробко В. И. Владимир Иванович
Streszczenie:Учебное пособие состоит из двух частей. В первой части «Экология и право» изложены основные понятия экологии, общесистемные обобщения экологии, основные понятия экологического права, охраны окружающей среды при осуществлении хозяйственной деятельности, правовые основы охраны и рационального использования природных ресурсов и объектов. Во второй части «Экологический менеджмент» рассмотрены основные функции экологического менеджмента (планирование, организация, мотивация, контроль). Представлены международные стандарты систем экологического менеджмента ISO 14000, а также методы оценки ущерба в системах экологического менеджмента. Для студентов вузов, а также преподавателей, аспирантов и руководителей различных уровней управления.
Język:rosyjski
Wydane: Москва, ЮНИТИ-ДАНА, 2010
Hasła przedmiotowe:
Format: Książka
KOHA link:https://koha.lib.tpu.ru/cgi-bin/koha/opac-detail.pl?biblionumber=188573

MARC

LEADER 00000nam0a2200000 4500
001 188573
005 20231101224138.0
010 |a 9785238018256 
035 |a (RuTPU)RU\TPU\book\204821 
090 |a 188573 
100 |a 20101210d2010 m y0rusy50 ca 
101 0 |a rus 
102 |a RU 
105 |a y j 001zy 
200 1 |a Экологический менеджмент  |e учебное пособие  |f В. И. Коробко 
210 |a Москва  |c ЮНИТИ-ДАНА  |d 2010 
215 |a 303 с. 
320 |a Библиогр.: с. 264. 
320 |a Глоссарий: с. 265-284. 
330 |a Учебное пособие состоит из двух частей. В первой части «Экология и право» изложены основные понятия экологии, общесистемные обобщения экологии, основные понятия экологического права, охраны окружающей среды при осуществлении хозяйственной деятельности, правовые основы охраны и рационального использования природных ресурсов и объектов. Во второй части «Экологический менеджмент» рассмотрены основные функции экологического менеджмента (планирование, организация, мотивация, контроль). Представлены международные стандарты систем экологического менеджмента ISO 14000, а также методы оценки ущерба в системах экологического менеджмента. Для студентов вузов, а также преподавателей, аспирантов и руководителей различных уровней управления. 
606 1 |a Экологический менеджмент  |x (экономика)  |2 stltpush  |3 (RuTPU)RU\TPU\subj\70534  |9 84771 
610 1 |a экология 
610 1 |a экологическое право 
610 1 |a окружающая среда 
610 1 |a рациональное использование 
610 1 |a природные ресурсы 
610 1 |a планирование 
610 1 |a управление 
610 1 |a мотивации 
610 1 |a контроль 
610 1 |a международные стандарты 
610 1 |a ISO 14000 
610 1 |a учебные пособия 
610 1 |a охрана 
686 |a У9(2)28я73  |v LBC/SL-A  |2 rubbk 
700 1 |a Коробко  |b В. И.  |g Владимир Иванович 
801 1 |a RU  |b 63413507  |c 20101210 
801 2 |a RU  |b 63413507  |c 20211008  |g RCR 
900 |a Экологический менеджмент и экологическое аудирование 
942 |c BK 
954 |b 080507  |b 080504 
959 |a 89/20101208  |d 1  |e 230,00  |f ЧЗТЛ:1